000 00733nam a2200205 i 4500
001 149186
003 ES-MaACL
005 20230906203007.0
007 t|
008 071019s1957 sp ||||1| spa d
100 1 _aVelasco, Francisco de.
_9113723
245 1 0 _aCancionero de coplas del nacimiento de Nuestro Señor Jesu Christo, para cantar la noche de Navidad /
_ccompuesto por Francisco de Velasco.
260 _a[S.l :
_bs.n.],
_c1957 (
_fAntonio Pérez Gómez)
300 _a4 h. ;
_c25 cm.
500 _aReprod. facs. de la ed. de : Burgos : Casa de Juan Bautista Varesio, 1604.
655 7 _2tgfbne
_9226495
_aFacsímiles
852 _aES-MaACL
_j2006-F-27
_bR.41325
942 _2udc
999 _c149186
_d149186